[Event "Delkanda Inter Club-chT"]
[Site "Delkanda"]
[Date "2021.02.27"]
[Round "3.1"]
[White "Wickramanayake, TU."]
[Black "Akasha, JP Vihanga"]
[Result "0-1"]
[WhiteElo "1836"]
[BlackElo "1495"]
[PlyCount "91"]
[EventDate "2021.02.26"]
[EventType "team-tourn"]
[EventRounds "9"]
[EventCountry "SRI"]
[SourceTitle "EXT 2022"]
[Source "ChessBase"]
[SourceDate "2021.10.06"]
[SourceVersion "1"]
[SourceVersionDate "2021.10.06"]
[SourceQuality "1"]
[WhiteTeam "Super Knight CC"]
[BlackTeam "Black and Gold CC"]
[WhiteTeamCountry "SRI"]
[BlackTeamCountry "SRI"]

1. d4 Nf6 2. Nf3 g6 3. g3 Bg7 4. Bg2 0-0 5. 0-0 d6 6. c4 c6 7. Nc3 Qc7 8. b3 a6 9. Bb2 Nbd7 10. Rc1 Re8 11. d5 e5 12. dxe6 fxe6 13. Ba3 c5 14. Ng5 Ne5 15. Qd2 Rb8 16. Rcd1 b5 17. Bb2 bxc4 18. f4 Nf7 19. bxc4 Nxg5 20. fxg5 Ng4 21. Rf4 Bd4+ 22. Rxd4 cxd4 23. Qxd4 e5 24. Qd5+ Be6 25. Qc6 Qa7+ 26. c5 Qxc5+ 27. Qxc5 dxc5 28. Bc1 Rf8 29. Ne4 Rbd8 30. Re1 Bd5 31. h3 Bxe4 32. Bxe4 Nf2 33. Bb7 Nxh3+ 34. Kg2 Nf2 35. Bxa6 Ne4 36. Bc4+ Kg7 37. Bb2 Rde8 38. Rd1 Nxg5 39. Rd5 Rf5 40. Rxc5 Rf2+ 41. Kg1 Nh3+ 42. Kh1 Ref8 43. Rc7+ Kf6 44. Rc6+ Kg5 45. e3 Rxb2 46. Rc5 0-1